50 Oscar Flicks to Click Quiz Stats

Quiz Updated Apr 14, 2016

Challenge
Share
Tweet
Embed
Score 0/50 Timer 05:00
7 Plays Today
% Correct
Gump
96.9%
Dollar
96.8%
World
96.8%
Wind
96.8%
Silence
96.7%
List
96.3%
Story
96.3%
Slumdog
96.1%
Lady
96.1%
Slave
96%
Flew
95.7%
Dances
95.2%
Music
94.6%
Country
94.5%
American
94.3%
Love
94%
Hurt
93.9%
Front
93.8%
Terms
93.6%
Men
93.3%
Fire
93.3%
Driving
93%
Speech
92.7%
Way
91.6%
Paris
90.8%
% Correct
Deer
90.2%
French
89.9%
English
89.2%
Heat
89.2%
Night
88.7%
Bridge
88.6%
Mind
88.1%
Eternity
87.7%
People
86.9%
Eve
86.1%
Africa
85.1%
Last
84.7%
Years
84%
Rain
82.9%
Agreement
82%
Show
81.8%
Life
81.5%
Valley
80.3%
Cowboy
78.9%
Hotel
77.8%
Mutiny
77.6%
Great
74.3%
Man
69.9%
Melody
62.3%
Weekend
59.5%

You're not logged in!

Compare scores with friends on all Sporcle quizzes.
Sign Up with Email
OR
Log In

You Might Also Like...

Show Comments

Extras

Top Quizzes Today


Score Distribution

Your Account Isn't Verified!

In order to create a playlist on Sporcle, you need to verify the email address you used during registration. Go to your Sporcle Settings to finish the process.